Najwyższe szczyty Bieszczad - Statystyki

Ogólne statystyki
  • Ten quiz został rozwiązany 153 razy
  • Średni wynik to 9 z 15
Statystyki odpowiedzi
L.p. Szczyt Wysokość % Poprawnych
1 Tarnica 1346
100%
8 Połonina Caryńska 1297
78%
11 Połonina Wetlińska 1255
77%
3 Halicz 1333
76%
7 Wielka Rawka 1307
76%
10 Mała Rawka 1272
75%
2 Krzemień 1335
71%
6 Bukowe Berdo 1311
68%
14 Smerek 1222
59%
15 Krzemieniec 1221
56%
9 Rozsypaniec 1280
53%
5 Szeroki Wierch 1315
32%
4 Kopa Bukowska 1320
18%
12 Kińczyk Bukowski 1251
14%
13 Wołowy Garb 1249
5%
Nie znaleziono quizów pasujących do podanych kryteriów
Rozkład punktacji
Procent ludzi z każdym wynikiem
Percentyl według liczby udzielonych odpowiedzi
Twoja historia wyników
Nie rozwiązałeś tego quizu